| 000 | 01091nam a2200253 i 4500 | ||
|---|---|---|---|
| 003 | EG-ScBUE | ||
| 005 | 20230913105600.0 | ||
| 008 | 100622s1960 ua | b 000 0bara d | ||
| 040 |
_aEG-ScBUE _bara _erda _cEG-ScBUE _dEG-ScBUE |
||
| 043 | _af-ua--- | ||
| 082 | 0 | 4 |
_222 _bم ا ج _a962.02 |
| 100 | 1 |
_915061 _aماجد، عبد المنعم، _eمؤلف. |
|
| 245 | 1 | 2 |
_aالإمام المتنصر بالله الفاطمي / _cتأليف الدكتور عبد المنعم ماجد، الأستاذ المساعد بكلية الآداب بجامعة عين شمس. |
| 264 | 1 |
_aالقاهرة : _bمكتبة الأنجلو المصرية، _c1960. |
|
| 300 |
_a301 صفحة ؛ _c20 سم |
||
| 336 |
_2rdacontent _aنص _btxt |
||
| 337 |
_2rdamedia _aبدون وسيط _bn |
||
| 338 |
_2rdacarrier _aمجلد _bnc |
||
| 504 | _aيشتمل على إرجاعات ببليوجرافية. | ||
| 600 | 0 | 7 |
_aالمستنصر بالله الفاطمي. _2BUEsh |
| 651 | 7 |
_aمصر _xتاريخ _yالعصر الفاطمي (969-1171 م.). _2BUEsh _v |
|
| 655 | _vReading book | ||
| 942 |
_2ddc _cBB |
||
| 999 |
_c14167 _d14167 |
||